LIBRARY & INFORMATION CENTRE, KCAET, TAVANUR

ONLINE PUBLIC ACCESS CATALOGUE (OPAC)

Principles of agronomy (Record no. 14806)

MARC details
000 -LEADER
fixed length control field 00298nam a22001337a 4500
020 ## - INTERNATIONAL STANDARD BOOK NUMBER
ISBN 9789327268706
082 ## - DEWEY DECIMAL CLASSIFICATION NUMBER
Classification number 630.21
Item number RED/PR
100 ## - MAIN ENTRY--AUTHOR NAME
Personal name Reddy, SR
245 ## - TITLE STATEMENT
Title Principles of agronomy
250 ## - EDITION STATEMENT
Edition statement 5th
260 ## - PUBLICATION, DISTRIBUTION, ETC. (IMPRINT)
Place of publication Ludhiana
Name of publisher Kalyani Publishers
Year of publication 2016
300 ## - PHYSICAL DESCRIPTION
Number of Pages 763p
942 ## - ADDED ENTRY ELEMENTS (KOHA)
Koha item type Books
Holdings
Withdrawn status Lost status Damaged status Collection code Home library Current library Shelving location Date acquired Source of acquisition Cost, normal purchase price Full call number Accession Number Koha item type
        KAUAET KAUAET General Stacks 24/03/2017 Penta Book Distributors 395.00 630.21 RED/PR 25186 Books
        KAUAET KAUAET General Stacks 24/03/2017 Penta Book Distributors 395.00 630.21 RED/PR 25187 Books
        KAUAET KAUAET General Stacks 24/03/2017 Penta Book Distributors 395.00 630.21 RED/PR 25188 Books
        KAUAET KAUAET General Stacks 24/03/2017 Penta Book Distributors 395.00 630.21 RED/PR 25189 Books
        KAUAET KAUAET General Stacks 24/03/2017 Penta Book Distributors 395.00 630.21 RED/PR 25190 Books
        KAUAET KAUAET General Stacks 24/03/2017 Penta Book Distributors 395.00 630.21 RED/PR 25191 Books
        KAUAET KAUAET General Stacks 24/03/2017 Penta Book Distributors 395.00 630.21 RED/PR 25192 Books
        KAUAET KAUAET General Stacks 30/03/2017 Vigyan Books, Delhi 395.00 630.21 RED/PR 25375 Books
        KAUAET KAUAET General Stacks 30/03/2017 Vigyan Books, Delhi 395.00 630.21 RED/PR 25376 Books
free website counter